000 00460nam a22001697a 4500
005 20251108172838.0
008 250721s2003 xx 000 0 ara d
082 1 4 _a956.4/ عبد
100 1 _aعبد الحميد، أنور
245 1 0 _aالظاهرية جوشن بنت فلسطين /
264 1 _aعمان :
_bد ن،
_c2003.
300 _a189ص
650 1 7 _aفلسطين
650 1 7 _aتاريخ فلسطين
942 _2ddc
_cBK
999 _c89908
_d89908